01306nam a2200361 a 450000100100000000300100001000500170002000800410003702000150007804000220009304900090011509200200012410000410014424500890018526000260027430000200030065000240032065000260034470000470037091000390041793000450045693000390050193000450054094200120058594500280059795201030062595600420072895600420077095600390081295600390085195600390089099900150092900001061500001061520180202154958.0091008s2002 dr 001 p spa d a9993403350 aBPMETbspacBPMET aBNPD aRD861.44bP123d1 aPadilla Almarante, Natividad,d1960-10aDesvelos /cNatividad Padilla Almarante; prólogo José L. Almarales Santiesteban. aSanto Domingo,c2002. a99 p. :c21 cm. 4aPOESÍA DOMINICANA 4aLITERATURA DOMINICANA1 aAlmarales Santiesteban, José L.epról. aValidado. Control de calidad BNPHU 1lBND01mLF1820091008f04pHDg5764he. 3 1lBND01mLF1820091008f01pHDg5763 1lBND01mLF1820091008f01pHDg5763he. 2 2ddccBK aInventariado, 2018 / BT 00102ddc40708CDaBPMETbBPMETd2014-07-16eFUNDIl0pBPMSU15040605r2014-07-16w2014-07-16yBK aSARMENTEROb10c20091008lBND01h1313 aSARMENTEROb10c20091008lBND01h1313 aIGARCIAb10c20091010lBND01h1124 aDGARCIAb10c20091013lBND01h1001 aMMOLINAb40c20101006lBND01h0931 c7176d7176